Loading...
| Fine Arts - Classical Music | 0 | 8 | 0 | 1 | 80 | 26 | 71.13 | 3 | 7 | 0.00 | 0.00 |
| Literature - World/Other | 0 | 8 | 0 | 0 | 80 | 68 | 80.25 | 3 | 7 | 0.00 | 0.00 |
| Literature - European | 0 | 7 | 0 | 1 | 70 | 46 | 66.71 | 1 | 5 | 0.00 | 0.00 |
| Philosophy | 0 | 7 | 0 | 2 | 70 | 75 | 97.71 | 0 | 4 | 0.00 | 0.00 |
| Literature - American | 0 | 6 | 0 | 0 | 60 | 64 | 83.83 | 0 | 4 | 0.00 | 0.00 |
| Literature - British | 0 | 6 | 0 | 0 | 60 | 69 | 98.67 | 0 | 4 | 0.00 | 0.00 |
| History - European | 0 | 5 | 0 | 0 | 50 | 74 | 95.20 | 1 | 3 | 0.00 | 0.00 |
| Fine Arts - Visual | 0 | 5 | 0 | 0 | 50 | 59 | 85.40 | 2 | 4 | 0.00 | 0.00 |
| History - American | 0 | 4 | 1 | 0 | 35 | 44 | 84.25 | 1 | 3 | 0.00 | 0.00 |
| History - Other | 0 | 4 | 1 | 1 | 35 | 51 | 69.00 | 0 | 3 | 0.00 | 0.00 |
| Fine Arts - Other | 0 | 4 | 1 | 0 | 35 | 94 | 108.25 | 0 | 2 | 0.00 | 0.00 |
| Social Science | 0 | 3 | 0 | 0 | 30 | 68 | 72.67 | 1 | 2 | 0.00 | 0.00 |
| Religion | 0 | 4 | 2 | 0 | 30 | 83 | 97.25 | 1 | 3 | 0.00 | 0.00 |
| Science - Physics | 0 | 3 | 1 | 0 | 25 | 36 | 65.00 | 1 | 3 | 0.00 | 0.00 |
| History - World | 0 | 2 | 0 | 0 | 20 | 58 | 74.00 | 1 | 2 | 0.00 | 0.00 |
| Science - Other | 0 | 2 | 0 | 0 | 20 | 52 | 66.00 | 1 | 2 | 0.00 | 0.00 |
| Science - Biology | 0 | 2 | 1 | 0 | 15 | 75 | 81.00 | 1 | 2 | 0.00 | 0.00 |
| Science - Chemistry | 0 | 2 | 1 | 0 | 15 | 79 | 83.00 | 0 | 1 | 0.00 | 0.00 |
| Geography/Current Events | 0 | 1 | 0 | 1 | 10 | 104 | 104.00 | 0 | 1 | 0.00 | 0.00 |
| Mythology | 0 | 1 | 1 | 0 | 5 | 98 | 98.00 | 0 | 0 | 0.00 | 0.00 |